Fundamentals of optics / (Record no. 9665)

MARC details
000 -LEADER
fixed length control field 00787nac a22002651i 4500
003 - CONTROL NUMBER IDENTIFIER
control field EG-ScBUE
005 - DATE AND TIME OF LATEST TRANSACTION
control field 20250615083828.0
008 - FIXED-LENGTH DATA ELEMENTS--GENERAL INFORMATION
fixed length control field 250615r20041996ii a g 000 0 eng d
020 ## - INTERNATIONAL STANDARD BOOK NUMBER
International Standard Book Number 8126117613
020 ## - INTERNATIONAL STANDARD BOOK NUMBER
International Standard Book Number 9788126117611
040 ## - CATALOGING SOURCE
Original cataloging agency EG-ScBUE
Language of cataloging eng
Description conventions rda
Transcribing agency EG-ScBUE
Modifying agency EG-ScBUE
082 ## - DEWEY DECIMAL CLASSIFICATION NUMBER
Classification number 535
Item number RAJ
Edition number 22
100 1# - MAIN ENTRY--PERSONAL NAME
Personal name Raj, M. G.,
Relator term author.
245 10 - TITLE STATEMENT
Title Fundamentals of optics /
Statement of responsibility, etc M.G. Raj
250 ## - EDITION STATEMENT
Edition statement Reprint edition.
264 #1 - PUBLICATION, DISTRIBUTION, ETC. (IMPRINT)
Place of publication, distribution, etc New Delhi :
Name of publisher, distributor, etc Anmol Publications,
Date of publication, distribution, etc 2004.
300 ## - PHYSICAL DESCRIPTION
Extent 414 pages :
Other physical details illustrations ;
Dimensions 20 cm
336 ## - CONTENT TYPE
Source rdacontent
Content type term text
Content type code txt
337 ## - MEDIA TYPE
Media type term unmediated
Source rdamedia
Media type code n
338 ## - CARRIER TYPE
Carrier type term volume
Carrier type code nc
Source rdacarrier
500 ## - GENERAL NOTE
General note Distributer: Al-Ahram.
650 #7 - SUBJECT ADDED ENTRY--TOPICAL TERM
Topical term or geographic name as entry element Optics.
Source of heading or term BUEsh
655 ## - INDEX TERM--GENRE/FORM
Form subdivision Reading book
942 ## - ADDED ENTRY ELEMENTS (KOHA)
Koha item type Book - Borrowing
Source of classification or shelving scheme Dewey Decimal Classification
Holdings
Withdrawn status Lost status Source of classification or shelving scheme Damaged status Not for loan Home library Current library Shelving location Date acquired Source of acquisition Total Checkouts Total Renewals Full call number Barcode Date last seen Date checked out Price effective from Koha item type Cost, replacement price
    Dewey Decimal Classification     Central Library Central Library First floor 27/05/2008 Purchase 1 2 535 RAJ 000009879 15/07/2025 08/10/2014 02/03/2008 Book - Borrowing  
    Dewey Decimal Classification     Central Library Central Library First floor 27/05/2008 Purchase 1   535 RAJ 000011713 15/07/2025 13/06/2011 27/05/2008 Book - Borrowing 48.00